Statistics for Computer Parts Acronyms

Click here to take the quiz!

General Stats

  • This quiz has been taken 44 times
  • The average score is 6 of 13

Answer Stats

HintAnswer% Correct
CPUCentral Processing Unit
91%
GPUGraphics Processing Unit
85%
RAMRandom Access Memory
79%
SSDSolid State Drive
79%
HDDHard Disk Drive
59%
ROMRead Only Memory
53%
USBUniversal Serial Bus
53%
MoboMotherboard
38%
AIOAll in One
29%
BIOSBasic Input Output System
24%
HDMIHigh Definition Multimedia Interface
12%
ODDOptical Disk Drive
3%
UEFIUnified Extensible Firmware Interface
3%

Score Distribution

Percentile by Number Answered

Percent of People with Each Score

Your Score History

You have not taken this quiz